Kraje z najmniejszą ilością samobójstw - Statystyki

Ogólne statystyki
  • Ten quiz został rozwiązany 39 razy
  • Średni wynik to 4 z 10
Statystyki odpowiedzi
Wskaźnik Kraj % Poprawnych
2,1 Honduras
45%
0,6 Barbados
42%
1,0 Saint Vincent i Grenadyny
42%
0,4 Antigua i Barbuda
39%
2,2 Filipiny
39%
0,7 Grenada
39%
2,0 Syria
39%
1,6 Jordania
33%
2,1 Wenezuela
30%
1,5 Wyspy Świętego Tomasza i Książęca
18%
Nie znaleziono quizów pasujących do podanych kryteriów
Rozkład punktacji
Procent ludzi z każdym wynikiem
Percentyl według liczby udzielonych odpowiedzi
Twoja historia wyników
Nie rozwiązałeś tego quizu